Logo Quiz #3 - marki samochodów #3 - Statystyki

Ogólne statystyki
  • Ten quiz został rozwiązany 64 razy
  • Średni wynik to 11 z 20
Statystyki odpowiedzi
Obrazkowy Odpowiedź % Poprawnych
Jaguar
98%
Subaru
98%
Tesla
98%
Lamborghini
85%
Infiniti
83%
Alfa Romeo
80%
Dodge
78%
MG
68%
Dacia
61%
Smart
61%
Cupra
59%
Corvette
49%
Abarth
41%
Pontiac
34%
Buick
32%
Łada
20%
Daihatsu
17%
Ssangyong
17%
Holden
10%
Maxus
2%
Nie znaleziono quizów pasujących do podanych kryteriów
Rozkład punktacji
Procent ludzi z każdym wynikiem
Percentyl według liczby udzielonych odpowiedzi
Twoja historia wyników
Nie rozwiązałeś tego quizu